| 000 | 00375nam a2200157Ia 4500 | ||
|---|---|---|---|
| 008 | 151213s9999 xx 000 0 und d | ||
| 100 | _aKenneth Allott | ||
| 245 |
_aThe Penguin Book _cKenneth Allott |
||
| 250 | _a18th | ||
| 260 |
_aU. S. _bPenguijng Book _c1918 |
||
| 300 | _a4334 p. | ||
| 650 | _aEnglish | ||
| 650 | _aPoetry | ||
| 700 | _aKenneth Allott | ||
| 999 |
_c2748 _d2748 |
||